| 000 | 01895cam a2200349 i 4500 | ||
|---|---|---|---|
| 003 | SA-RiAUC | ||
| 005 | 20241118075557.0 | ||
| 008 | 241118s1969 iq g f000r0 ara c | ||
| 040 |
_aSA-MaHRM _bara _cSA-RiAUC _erda |
||
| 082 | 0 | 4 |
_a258.6 _qSA-RiAUC |
| 090 |
_a258.6 _bح ل ي |
||
| 100 | 1 |
_a الحلي، جعفر بن الحسن بن يحيى، _d602-676 هجري _eمؤلف. |
|
| 245 | 1 | 0 |
_aشرائع الإسلام في مسائل الحلال والحرام / _cالمحقق الحلي أبي القاسم نجم الدين جعفر بن الحسن ؛ تحقيق وإخراج وتعليق عبد الحسين محمد علي. |
| 246 | 3 | 6 | _aشرايع الإسلام |
| 250 | _aالطبعة الأولى، محققة. | ||
| 264 | 1 |
_aالنجف، العراق : _a[د. م.] : _bمكتبة أمير المؤمنين (ع) العامة ؛ _bكلية الفقه، _c1969 |
|
| 264 | 3 |
_a[مكان الطبع غير محدد] : _bمطبعة الآداب |
|
| 300 |
_a4 مجلد ؛ _c24 سم. |
||
| 336 |
_aنص _btxt _2rdacontent _3كتاب |
||
| 337 |
_aبدون وسيط _bn _2rdamedia |
||
| 338 |
_aمجلد _bnc _2rdacarrier |
||
| 500 | _aيوجد بآخرها فهرس. | ||
| 505 | 2 | _aالمحتويات : مجلد 4. في الأحكام. | |
| 650 | 7 |
_aفقه الشيعة _2aucsh |
|
| 650 | 7 |
_aالفقه الإسلامي _xمذاهب _2aucsh |
|
| 700 | 1 |
_aبقال، عبد الحسين محمد علي _eمحقق. |
|
| 856 | 4 | _uhttp://10.10.10.21/hipres/%D8%B4%D8%B1%D8%A7%D8%A6%D8%B9%20%D8%A7%D9%84%D8%A7%D8%B3%D9%84%D8%A7%D9%85%20-%2018/book.Web/bookTestPage.html | |
| 856 | 4 | _uhttp://10.0.0.80:1112/Rashad/%D8%B4%D8%B1%D8%A7%D8%A6%D8%B9%20%D8%A7%D9%84%D8%A7%D8%B3%D9%84%D8%A7%D9%85%20-%2018.pdf | |
| 942 |
_2ddc _cBOOK |
||
| 949 |
_aSA-JeALM _d241118 _ukhaled123 _n1 |
||
| 999 |
_c2454 _d2454 |
||